Bird Quiz - Statistics

General Stats
  • This quiz has been taken 52 times
  • The average score is 12 of 16
Answer Stats
Picture Answer % Correct
Bald Eagle
98%
Swan
98%
Chicken
95%
Crow
95%
Goose
85%
Pigeon
85%
Vulture
83%
Robin
78%
Heron
75%
Gull
73%
Blackbird
70%
Woodpecker
68%
Albatross
63%
Mallard Duck
58%
Gannet
38%
Humboldt Penguin
20%
No matching quizzes found
Score Distribution
Percent of People with Each Score
Percentile by Number Answered
Your Score History
You have not taken this quiz